Movies Quiz

Random Movies or Animation Quiz
Score 0/20 Timer 04:00
1 Play Today
Image No. Character % Correct
1.Shrek
99.7%
2.Donkey
98.9%
4.Puss in Boots
97%
3.Princess Fiona
96.9%
6.Gingy
91.2%
7.Dragon
86.1%
5.Pinocchio
85.4%
20.Three Blind Mice
83.7%
11.Fairy Godmother
80.9%
10.Prince Charming
79%
Image No. Character % Correct
19.Three Little Pigs
72.7%
17.Captain Hook
63.5%
15.Magic Mirror
62.8%
14.The Big Bad Wolf
61.7%
12.Lord Farquaad
58.7%
18.Artie
41.4%
16.Doris
34.1%
13.Rumpelstiltskin
33.8%
9.King Harold
30.5%
8.Queen Lillian
19.4%
Remove Ads.
Support Sporcle.
Get the best of Sporcle when you Go Orange. This ad-free experience offers more features, more stats, and more fun while also helping to support Sporcle. Thank you for becoming a member.

You're not logged in!

Compare scores with friends on all Sporcle quizzes.
OR
Log In

Show Comments

Extras

Top Quizzes Today


Score Distribution

Your Account Isn't Verified!

In order to create a playlist on Sporcle, you need to verify the email address you used during registration. Go to your Sporcle Settings to finish the process.

Report this User

Report this user for behavior that violates our Community Guidelines.

Details: